MARC
| LEADER | 00000nam a2200000 a 4500 | ||
|---|---|---|---|
| 001 | UCW0847 | ||
| 003 | CL-VaPUC | ||
| 008 | 891017e19890000CH |||||||||||||||||eng|d | ||
| 082 | 0 | 4 | |a 004.16 |b ACE |2 21 |
| 245 | 1 | 0 | |a Acer 500 User's guide: the gateway to personal computing |
| 300 | |a 70 p | ||
| 942 | |c BK | ||
| 945 | |d 19891017 00:00:00 |a mfernand | ||
| 260 | |a Taipéi |b Acer |c 1989 | ||
| 650 | 0 | |a Microcomputadores |9 263190 | |
| 583 | |a last modification |c 20120528 09:41:54 |k Rodrigo Vera | ||
| 999 | |c 215882 |d 215880 | ||